Quiz da Noruega - Statistics

Estatísticas Gerais
  • Esse quiz foi jogado 1 070 vezes
  • A pontuação média é 7 de 19
Estatísticas das Respostas
Dica Resposta % Correto
Capital Oslo
97%
Países fazendo fronteira com a Noruega Suécia
93%
Países fazendo fronteira com a Noruega Finlândia
91%
Países fazendo fronteira com a Noruega Rússia
79%
Mar que fica entre a Noruega e o Reino Unido Mar do Norte
59%
Maior tipo de exportação Petróleo
46%
Nomes para profundas enseadas oceânicas Fiorde
35%
Pintor de "O Grito" Edvard Munch
33%
Ilhas no extremo-norte do país Svalbard
33%
Segunda maior cidade Bergen
30%
Fundador da primeira colônia nórdica na Groenlândia Eiríkr
17%
Esporte de esqui e tiro Biatlo
15%
Cidade-sede das olimpíadas de 1994 Lillehammer
14%
Primeira pessoa a chegar ao Polo Sul Roald Amundsen
14%
Nome de uma história da Era Viking Saga
14%
Cidade mais ao norte do mundo (população > 10.000) Hammerfest
10%
Escritor de "Casa de Bonecas" Henrik Ibsen
10%
Prato tradicional de peixe Lutefisk
6%
3x campeão olímpico de patinação Sonja Henie
5%
Nenhum quiz correspondente encontrado
Distribuição das Pontuações
Porcentagem de Pessoas com Cada Pontuação
Percentil de Números Respondidos
Sua Pontuação Histórica
Você não jogou esse quiz